Geography by Numbers VI Quiz Stats

 Plays Quiz Updated Jan 22, 2017

Challenge
Share
Tweet
Embed
Score 0/55 Timer 05:00
2 Plays Today
% Correct
London
95.2%
Cairo
89.1%
Virginia
85.9%
Vermont
85.3%
Jordan
82%
Denmark
79.8%
Syria
79.3%
United Kingdom
79.2%
Manchester
79.1%
Lake Superior
78.8%
United States of America
78.5%
Uruguay
78.1%
Serbia
77.9%
Croatia
75.2%
Lake Michigan
75.2%
Uganda
74.8%
Lebanon
74.6%
India
74.2%
Palestine
73.3%
Egypt
71.8%
United Arab Emirates
70.9%
United Arab Emirates
70.9%
Bosnia and Herzegovina
70.2%
China
69.2%
Slovenia
69%
Uzbekistan
68.6%
Liverpool
67.6%
Montenegro
67.1%
% Correct
Saudi Arabia
66%
Macedonia
64.3%
Lake Huron
63.3%
Birmingham
62.1%
Lake Victoria
61.5%
Alexandria
59.4%
Glasgow
56.8%
Singapore (Singapore)
55%
Seoul (South Korea)
53.3%
Edinburgh
50.9%
Ukraine
49.2%
Leeds
49%
Oman
47.8%
Bangladesh
45%
Myanmar
43.3%
Caspian Sea
37.7%
Lake Baikal
35%
Bristol
34.8%
Taiwan
28.4%
Sheffield
26.5%
Giza
23%
Sana'a (Yemen)
22.3%
Great Slave Lake
17.9%
Great Bear Lake
16.7%
Lake Tanganyika
16.6%
Lake Malawi
13.6%
Sri Jayawardenapura Kotte (Sri Lanka)
10.6%

You're not logged in!

Compare scores with friends on all Sporcle quizzes.
OR
Log In

You Might Also Like...

Show Comments

Extras

Top Quizzes Today


Score Distribution

Your Account Isn't Verified!

In order to create a playlist on Sporcle, you need to verify the email address you used during registration. Go to your Sporcle Settings to finish the process.

Report this User

Report this user for behavior that violates our Community Guidelines.

Details: